Almas milagrosas, santos populares y otras devociones [cd-rom] /

Guardado en:
Autor Principal: Hoyos, María de
Otros Autores: Migale, Laura
Formato: Libro
Publicado: Buenos Aires : Naya
Materias:
Etiquetas: Agregar Etiqueta
Sin Etiquetas, Sea el primero en etiquetar este registro!
LEADER 00658nam a22002055a 4500
001 CEM.cems011068
005 20071129183541.0
008 130507b######################000#0#####d
003 CEMS
082 0 4 |a CD398 
100 1 |a Hoyos, María de 
245 1 0 |a Almas milagrosas, santos populares y otras devociones [cd-rom] /  |c María de Hoyos, Laura Migale 
260 |a Buenos Aires :  |b Naya 
300 |a 1 CD-ROM 
653 |a Santos populares 
653 |a Almas milagrosas 
653 |a Folklore popular 
700 1 |a Migale, Laura 
859 |a CEMS  |b BIB. CEMS - 11 de abril  |h CD398  |i N231  |p 1872.44  |t Ej.1 
859 |a CEMS  |b BIB. CEMS - 11 de abril  |h CD398  |i N231  |p 2141.44  |t Ej.2